<?xml version="1.0" encoding="UTF-8"?>
<record
    xmlns:xsi="http://www.w3.org/2001/XMLSchema-instance"
    xsi:schemaLocation="http://www.loc.gov/MARC21/slim http://www.loc.gov/standards/marcxml/schema/MARC21slim.xsd"
    xmlns="http://www.loc.gov/MARC21/slim">

  <leader>02449nam a2200337 i 4500</leader>
  <controlfield tag="003">DO-SdBNP</controlfield>
  <controlfield tag="005">20250710101841.0</controlfield>
  <controlfield tag="007">ta</controlfield>
  <controlfield tag="008">250710b2025    dr c|||| |||| 00| 0 spa d</controlfield>
  <datafield tag="040" ind1=" " ind2=" ">
    <subfield code="a">DO-SdBNP</subfield>
    <subfield code="b">spa</subfield>
    <subfield code="c">BNPHU</subfield>
    <subfield code="e">rda</subfield>
  </datafield>
  <datafield tag="082" ind1=" " ind2=" ">
    <subfield code="a">xxx</subfield>
    <subfield code="b">D419</subfield>
    <subfield code="2">22</subfield>
  </datafield>
  <datafield tag="100" ind1="1" ind2=" ">
    <subfield code="a">De Pe&#xF1;a, Himilce</subfield>
    <subfield code="e">autora</subfield>
    <subfield code="4">aut.</subfield>
    <subfield code="9">9330</subfield>
  </datafield>
  <datafield tag="245" ind1="1" ind2="0">
    <subfield code="a">Recetas de la familia :</subfield>
    <subfield code="b">100 a&#xF1;os de sabor, familia y superaci&#xF3;n /</subfield>
    <subfield code="c">Himilce De Pe&#xF1;a, Leonor P&#xE9;rez V&#xE1;squez, Sonia Curiel, Marianela Tejada, Tulia D&#xED;az, Leonor Tejada Curiel ; contribuciones, Himilce Tejada De Pe&#xF1;a</subfield>
  </datafield>
  <datafield tag="264" ind1=" " ind2=" ">
    <subfield code="a">Santo Domingo :</subfield>
    <subfield code="b">BOK editorial Group, </subfield>
    <subfield code="c">2025.</subfield>
  </datafield>
  <datafield tag="300" ind1=" " ind2=" ">
    <subfield code="a">95 p&#xE1;ginas ;</subfield>
    <subfield code="b">retratos ; </subfield>
    <subfield code="c">23 cm.</subfield>
  </datafield>
  <datafield tag="336" ind1=" " ind2=" ">
    <subfield code="a">texto</subfield>
    <subfield code="b">txt</subfield>
    <subfield code="2">rdacontent</subfield>
  </datafield>
  <datafield tag="337" ind1=" " ind2=" ">
    <subfield code="a">sin mediaci&#xF3;n</subfield>
    <subfield code="b">n</subfield>
    <subfield code="2">rdamedia</subfield>
  </datafield>
  <datafield tag="338" ind1=" " ind2=" ">
    <subfield code="a">volumen</subfield>
    <subfield code="b">nc</subfield>
    <subfield code="2">rdacarrier</subfield>
  </datafield>
  <datafield tag="500" ind1=" " ind2=" ">
    <subfield code="a">Incluye datos biograf&#xED;cos de las autoras.</subfield>
  </datafield>
  <datafield tag="505" ind1="1" ind2=" ">
    <subfield code="a">&#xCD;ndice de autoras --</subfield>
    <subfield code="r">Amparo Escoboza de Tejada --</subfield>
    <subfield code="g">1921-1988 --</subfield>
    <subfield code="r">Marianela Tejada Escoboza --</subfield>
    <subfield code="g">1950- --</subfield>
    <subfield code="r">Himilce De Pe&#xF1;a D&#xED;az --</subfield>
    <subfield code="g">1952- --</subfield>
    <subfield code="r">Tulia (Ina) D&#xED;az --</subfield>
    <subfield code="g">1952- --</subfield>
    <subfield code="r">Leonarda Antonia V&#xE1;squez Taveras --</subfield>
    <subfield code="g">1911-2006 --</subfield>
    <subfield code="r">Leonor P&#xE9;rez V&#xE1;squez --</subfield>
    <subfield code="g">1938- --</subfield>
    <subfield code="r">Leonor Curiel P&#xE9;rez</subfield>
    <subfield code="g">1958-2003 --</subfield>
    <subfield code="r">Sonia Curiel Abreu --</subfield>
    <subfield code="g">1960- --</subfield>
    <subfield code="r">Leonor Tejada Curiel --</subfield>
    <subfield code="g">1986- /</subfield>
    <subfield code="g">&#xCD;ndice de recetas --</subfield>
    <subfield code="t">Picaderas --</subfield>
    <subfield code="t">Entradas --</subfield>
    <subfield code="t">Platos fuertes --</subfield>
    <subfield code="t">Postres --</subfield>
    <subfield code="t">Bebidas y licores --</subfield>
    <subfield code="t">Recetas comerciales /</subfield>
  </datafield>
  <datafield tag="520" ind1=" " ind2=" ">
    <subfield code="a">Esta obra recopila recetas y conocimientos culinarios transmitidos de generaci&#xF3;n en generaci&#xF3;n por m&#xE1;s de 100 a&#xF1;os. Todas estas recetas forman parte del patrimonio gastron&#xF3;mico familiar y muchas se han convertido en un distintivo comercial y valor agregado en diversas ofertas culinarias vigentes a nivel nacional, Asimismo, son un medio de sustento familiar, por lo que queda estrictamente prohibida la reproducci&#xF3;n, distribuci&#xF3;n o divulgaci&#xF3;n parcial o total de este material por cualquier medio o m&#xE9;todo sin la autorizaci&#xF3;n expresa y por escrito de las autoras. 
Agradecemos el respeto y la consideraci&#xF3;n a las autoras al conocer o utilizar estas recetas. </subfield>
  </datafield>
  <datafield tag="590" ind1=" " ind2=" ">
    <subfield code="a">Inventariado, 2025/ YL</subfield>
  </datafield>
  <datafield tag="700" ind1="1" ind2=" ">
    <subfield code="a">De Pe&#xF1;a, Himilce</subfield>
    <subfield code="e">autora</subfield>
    <subfield code="4">aut.</subfield>
    <subfield code="9">88306</subfield>
  </datafield>
  <datafield tag="700" ind1="1" ind2=" ">
    <subfield code="a">P&#xE9;rez V&#xE1;squez, Leonor</subfield>
    <subfield code="e">autora</subfield>
    <subfield code="4">aut.</subfield>
    <subfield code="9">88307</subfield>
  </datafield>
  <datafield tag="700" ind1="1" ind2=" ">
    <subfield code="a">Curiel, Sonia</subfield>
    <subfield code="e">autora</subfield>
    <subfield code="4">aut.</subfield>
    <subfield code="9">88308</subfield>
  </datafield>
  <datafield tag="700" ind1="1" ind2=" ">
    <subfield code="a">Tejada, Marianela</subfield>
    <subfield code="e">autora</subfield>
    <subfield code="4">aut.</subfield>
    <subfield code="9">88309</subfield>
  </datafield>
  <datafield tag="700" ind1="1" ind2=" ">
    <subfield code="a">D&#xED;az, Tulia</subfield>
    <subfield code="e">autora</subfield>
    <subfield code="4">aut.</subfield>
    <subfield code="9">88310</subfield>
  </datafield>
  <datafield tag="700" ind1="1" ind2=" ">
    <subfield code="a">Tejada Curiel, Leonor</subfield>
    <subfield code="e">autora</subfield>
    <subfield code="4">aut.</subfield>
    <subfield code="9">80945</subfield>
  </datafield>
  <datafield tag="910" ind1=" " ind2=" ">
    <subfield code="a">YLockward</subfield>
  </datafield>
  <datafield tag="942" ind1=" " ind2=" ">
    <subfield code="2">ddc</subfield>
    <subfield code="c">LBS1</subfield>
  </datafield>
  <datafield tag="952" ind1=" " ind2=" ">
    <subfield code="0">0</subfield>
    <subfield code="1">0</subfield>
    <subfield code="2">ddc</subfield>
    <subfield code="5">1</subfield>
    <subfield code="7">0</subfield>
    <subfield code="8">PD</subfield>
    <subfield code="a">BNPHU</subfield>
    <subfield code="b">BNPHU</subfield>
    <subfield code="c">CT</subfield>
    <subfield code="d">2025-05-23</subfield>
    <subfield code="e">Dep&#xF3;sito Legal editora B&#xFA;ho</subfield>
    <subfield code="l">0</subfield>
    <subfield code="o">BNPHU PD xxx D419</subfield>
    <subfield code="p">2025-6373</subfield>
    <subfield code="r">2025-07-10</subfield>
    <subfield code="w">2025-07-10</subfield>
    <subfield code="y">LBS1</subfield>
  </datafield>
  <datafield tag="952" ind1=" " ind2=" ">
    <subfield code="0">0</subfield>
    <subfield code="1">0</subfield>
    <subfield code="2">ddc</subfield>
    <subfield code="5">1</subfield>
    <subfield code="7">0</subfield>
    <subfield code="8">PD</subfield>
    <subfield code="a">BNPHU</subfield>
    <subfield code="b">BNPHU</subfield>
    <subfield code="c">CT</subfield>
    <subfield code="d">2025-05-23</subfield>
    <subfield code="e">Dep&#xF3;sito Legal editora B&#xFA;ho</subfield>
    <subfield code="l">0</subfield>
    <subfield code="o">BNPHU PD xxx D419</subfield>
    <subfield code="p">2025-6374</subfield>
    <subfield code="r">2025-07-10</subfield>
    <subfield code="t">e. 2</subfield>
    <subfield code="w">2025-07-10</subfield>
    <subfield code="y">LBS1</subfield>
  </datafield>
  <datafield tag="952" ind1=" " ind2=" ">
    <subfield code="0">0</subfield>
    <subfield code="1">0</subfield>
    <subfield code="2">ddc</subfield>
    <subfield code="5">6</subfield>
    <subfield code="7">0</subfield>
    <subfield code="8">DS</subfield>
    <subfield code="a">BNPHU</subfield>
    <subfield code="b">BNPHU</subfield>
    <subfield code="c">CT</subfield>
    <subfield code="d">2025-05-23</subfield>
    <subfield code="e">Dep&#xF3;sito Legal editora B&#xFA;ho</subfield>
    <subfield code="l">0</subfield>
    <subfield code="o">BNPHU DS xxx D419</subfield>
    <subfield code="p">2025-6375</subfield>
    <subfield code="r">2025-07-10</subfield>
    <subfield code="t">e. 3</subfield>
    <subfield code="w">2025-07-10</subfield>
    <subfield code="y">LBS1</subfield>
  </datafield>
  <datafield tag="999" ind1=" " ind2=" ">
    <subfield code="c">59484</subfield>
    <subfield code="d">59484</subfield>
  </datafield>
</record>
